000 00678nam a2200289Ia 4500
005 20260324133949.0
008 008 260324s9999 xx 000 0 eng d
020 _a9780203398159
037 _aEBOOK
040 _aCRL
040 _beng
040 _cCRL
041 _2eng
041 _aeng
084 _qCRL
100 _aStephen Reyna
_91195055
245 0 _aConnections
245 0 _bBrain, Mind and Culture in a Social Anthropology
260 _bTaylor and Francis
260 _c2002
365 _a
365 _b230
856 _uhttp://www.taylorfrancis.com/books/9780203398159
942 _cEBOOK
999 _c1794650
_d1794650